000 01178cad a2200277 4500
001 L158800
008 100215n2013 000 0 eng u
020 _a9781783210305
035 _a(Sirsi) u158800
041 _aeng
100 1 _aRegan, Michael
111 2 _aConstruction and Building Research Conference
_cIIT Delhi, New Delhi
_d10-12 September 2013
245 0 0 _aFinancing mechanisms for Public Private Partnerships
_bAustralian experience
_h[electronic resource]
260 _aLondon
_bRICS
_c2013
490 0 _aCOBRA
_v2013
520 _aA paper presented at the COBRA Conference in New Delhi on 10-12 September 2013. Examines the current capital market conditions and state investment evaluation, identifying the options for state provision of infrastructure and direct financial participation in Public Private Partnerships (PPP) projects.
650 2 4 _aCONSTRUCTION AND BUILDING RESEARCH CONFERENCE (COBRA)
650 2 4 _aINFRASTRUCTURE PLANNING
650 2 4 _aPUBLIC PRIVATE PARTNERSHIPS
650 2 4 _aINVESTMENT APPRAISAL
651 4 _aAustralia
690 _aProcurement
_96260
700 1 _aLove, Peter E. D.
700 1 _aSmith, Jim
942 _n0
999 _c115511
_d115511